01282 2200217 4500001002100000005001500021008004100036020001800077035001900095041000800114082001200122084001800134100002200152245005300174260004400227300002200271500002300293520070100316650002201017650002501039INLIS00000000000021620200508200804200508||||||||| | ||| |||| ||eng|| a9780072261523 0010-0520000216 aeng0 a005.758 a005.758/SHA/M0 aJeffry R. Shapiro00aMicrosoft SQL Server 2005 The Complete Reference aNew YorkbMc Graw Hill Publishingc2007 axxv,610 p.c23 cm aIndeks : p.611-645 aDeliver hight-performance, widely distributed enterprised database application using Microsoft SQL Server 2005.The comprehensive resource shows you how to get up-and-running on SQL Server 2005, create and manage databases and tables, triggers, stored procedures, transaction, and advance database queries. Microsoft SQL Server 2005: The Complete Reference covers every aspect of the new release in full detail, starting with an in-depth review of the core database engine. The book goes on to cover the management and maintenance tools, the SQL Server support of the. NET Common Language Runtime, database integrity, transaction, security, performance management tools, and monitoring techniques. 0adatabase software 0amicrosoft SQL server